Antikes Rom Quiz - Statistiken

Allgemein
  • Dieses Quiz wurde 169 mal gespielt
  • Das Durchschnittsergebnis liegt bei 11 aus 20
Antwortstatistiken
Hint Antwort % Korrekt
Wie hieß sein Bruder? Remus
95%
Auf wie vielen Hügeln wurde Rom erbaut? 7
94%
Gründer Roms Romulus
93%
Schreibe die Antwort als römische Zahl VII
89%
Berühmtes Amphitheater Kolosseum
82%
Höchster Gott Jupiter
80%
Meeresgott Neptun
80%
1. römischer Kaiser Augustus
78%
Welches Tier zog die Brüder groß? Wölfin
75%
In welchem Jahr wurde Rom gegründet (v. Chr.)? 753
56%
größter Schauplatz für Wagenrennen Circus Maximus
46%
Älterster römischer Marktplatz Forum Romanum
44%
Römisches Kurzschwert Gladius
37%
Gesellschaftlicher Adel Patrizier
29%
Elite-Leibgarde des Kaisers Prätorianer
24%
Münze und monetäre Hauptrecheneinheit Sesterz
19%
Priesterin der Göttin Vesta Vestalin
18%
Wie viele Eingänge hatte das Kolosseum 80
16%
Gladiator mit Netz und Dreizack und Dolch Retiarius
7%
Ordnungshüter Liktor
4%
Keine übereinstimmenden Quizze gefunden
Verteilung der Resultate
Anzahl Personen mit jedem Resultat
Perzentil nach korrekt beantworteten Fragen
Ihre Resultats-Entwicklung
Sie haben dieses Quiz noch nicht gespielt